| 000 | 01394cam a22002055a 4500 | ||
|---|---|---|---|
| 001 | L158279 | ||
| 008 | 141121s2014 xxk f 000 0 eng d | ||
| 035 | _a(Sirsi) u158279 | ||
| 041 | 0 | _aeng | |
| 110 | 2 |
_aBritish Property Federation _91604 |
|
| 245 | 0 | 0 |
_aBetter rates for better business _h[electronic resource] |
| 260 |
_aLondon _bBritish Property Federation _c2014 |
||
| 520 | _aOutlines recommendations for reforming business rates ahead of the Autumn Statement 2014. These include linking annual increases by CPI rather than RPI, restoring the pre-2008 availability of relief from paying empty property rates and replacing five year revaluations with annual ones. Suggests comparing UK systems with those used in other countries for example the annual computerised revaluations used in the Netherlands, linking increases to economic performance so that rates could go up and down according to the state of the economy and extending relief for small businesses including exempting properties with a rateable value of less thatn £12, 000 from paying business rates. | ||
| 590 | _aKA | ||
| 650 | 2 | 4 | _aBUSINESS RATES |
| 651 | 4 |
_aEngland and Wales _y1543- |
|
| 690 | _aFinance and taxation | ||
| 856 | 4 | 0 |
_uhttps://www.bpf.org.uk/en/files/bpf_documents/finance/Better_Rates_for_Better_Business_full_report.pdf _zView the item free of charge from the www.bpf.org.uk website. |
| 942 | _n0 | ||
| 999 |
_c115241 _d115241 |
||